Federal constitution

Bibliographic Details
Corporate Author: MALAYSIA
Format: Book
Published: Kuala Lumpur : MDC , 1993
Subjects:

MARC

LEADER 00000cam a2200000 7i4500
001 0000001346
005 20140515.0
020 0 0 |a 967701140 
090 0 0 |a 342.595   |b MAL 1993 
110 1 0 |a MALAYSIA 
245 1 0 |a Federal constitution 
260 0 0 |a Kuala Lumpur :   |b MDC ,   |c 1993 
300 |a xvi, 276 p. ;   |c 18 cm. 
650 0 0 |a Malaysia   |x Constitutional law 
998 |a JPSM 
999 |a 0000000294   |b Monograph   |c Open Shelf   |e Default branch